| 000 | 00594cam a22002171 4500 | ||
|---|---|---|---|
| 001 | sa 65010572 | ||
| 003 | DLC | ||
| 005 | 20260227112209.0 | ||
| 008 | 960911s1961 pk 000 0 pusr | ||
| 010 | _asa 65010572 | ||
| 025 | _aPL480:P-Pushto-44 | ||
| 035 | _a(OCoLC)35520254 | ||
| 040 |
_aDLC _cCLU _dCLU _dDLC |
||
| 042 | _apremarc | ||
| 050 | 0 | 0 |
_aPK6820.R23 _bD3 1961 |
| 100 | 2 |
_aRāḥat Zākhelī, Rāḥat Allāh, _d1884-1962. |
|
| 245 | 0 | 0 |
_aDāghūnah. _cSayyid Rāḥ at Zākhelī. |
| 260 |
_aPishāwar, _bSayyid Rāhat, _c1961] |
||
| 300 |
_a256 p. _c19 cm. |
||
| 500 | _aPoems. | ||
| 999 |
_c66834 _d66834 |
||